| 000 | 00956nam a22002055i 4500 | ||
|---|---|---|---|
| 001 | 176680 | ||
| 003 | ES-MaACL | ||
| 005 | 20230906220148.0 | ||
| 008 | 110201s2009 sp ao |||| | spa d | ||
| 080 | _a74 Sánchez-Palencia Calvo, Antonio-Julio | ||
| 080 | _a75 Sánchez-Palencia Calvo, Antonio-Julio | ||
| 100 | 1 |
_aSánchez-Palencia Mancebo, Isabel. _9144185 |
|
| 245 | 1 | 3 |
_aLa pintura de un aficionado _b: obra artística de Antonio-Julio Sánchez-Palencia Calvo (Mazarambroz, 1907-Toledo, 1999) / _cIsabel Sánchez-Palencia Mancebo, Almudena Sánchez-Palencia Mancebo. |
| 260 |
_a[Mazarambroz, Toledo] : _bAyuntamiento de Mazarambroz, _cD. L. 2009. |
||
| 300 |
_a303 p. : _bil. col. y n. ; _c24 cm. |
||
| 504 | _aBibliografía: p. 301-303. | ||
| 600 | 1 | 4 |
_aSánchez-Palencia Calvo, Antonio-Julio. _9144973 |
| 700 | 1 |
_aSánchez-Palencia Mancebo, Almudena. _9144971 |
|
| 852 |
_aES-MaACL _jE-14149 _z.- Dedicatoria y firma autógrafa de las autoras |
||
| 999 |
_c176680 _d176680 |
||